Statistics for Movies Released in 2013

Click here to take the quiz!

General Stats

  • This quiz has been taken 6 times
  • The average score is 12 of 49

Answer Stats

Cast MembersMovie/Film% Correct
Robert Downey Jr, Gwyneth Paltrow, Guy pearce, Don Cheadle, Ben KingsleyIron Man 3
80%
Kristen Bell, Josh Gad, Idina Menzel, Jonathon Groff, Santino Fontana, Chris WilliamsFrozen
60%
Tom Hanks, Barkhad Abdi, Faysal Ahmed, Catherine Keener, Max MartniCaptain Phillips
40%
Sandra Bullock, George Clooney, Ed Harris, Orto Ignatiussen, Amy WarrenGravity
40%
Adam Sandler,Salma Hayek, Kevin James, Chris Rock, David Spade, Taylor LautnerGrown Ups 2
40%
Jason Bateman, Melissa McCarthy, John Cho, Genesis Rodriguez, Amanda PeetIdentity Thief
40%
Henry Cavill, Diane Lane, Kevin Costner, Russell Crowe, Amy Adams, Michael ShannonMan of Steel
40%
Jesse Eisenberg, Mark Ruffalo, Woody Harrelson, Morgan Freeman, Isla Fisher, Dave FrancoNow You See Me
40%
Gerard Butler, Aaron Eckhart, , Morgan Freeman, Angela Bassett, Melissa LeoOlympus Has Fallen
40%
Emma Thompson, Tom hanks, Colin Farrell, Jason Schwartzman, Paul GiamattiSaving Mr. Banks
40%
Benedict Cumberbatch, Chris Pine, Zachary Quinto, Simon Pegg, Zoe Saldana, Karl Urban, Alice EveStar Trek Into Darkness
40%
Emma Watson, Taissa Farmiga, Katie Chang, Israel Broussard, Claire PfisterThe Bling Ring
40%
Jennifer Lawrence, Stanley Tucci, Jena Malone, Sam Clafflin, Josh Hutcherson, Donald Sutherland, Woody Harrelson, Elizabeth Banks, Liam Hemsworth, Phillip Seymour HoffmanThe Hunger Games: Catching Fire
40%
Leonardo Dicaprio, Margot Robbie, Jonah Hill, Jordan Befort, Matthew McConaughey, Kyle ChandlerThe Wolf of Wall Street
40%
Emma Roberts, Will Poulter, jennifer Aniston, Jason Sudeikis, Ed helms, Molly QuinnWe're the Millers
40%
Brad Pitt,Mireille Enos, Daniella Kertesz, Matthew FoxWorld War Z
40%
Chiwetel Ejiofor, Lupita Nyong'o, Michael Fassbender, Brad Pitt, Benedict Cumberbatch, Sarah Paulson12 Years a Slave
20%
Chadwick Boseman, harrison Ford, Nicole Beharie, Christopher Meloni, Lucas Black, Ryan Merriman, Alan Tudyk, T.R. Knight, John C McGinley42
20%
Etha Hawke, Julie delpy, Ariane Labed, Seamus Davey-FitzpatrickBefore Midnight
20%
Steve Carrell, Kristen Wiig, Miranda Cosgrove, Russell Brand, Dana gaier, Benjamin Bratt, Julie AndrewsDespicable Me 2
20%
Jane Levy, Bruce Campbell, Shiloh Fernandez, Jessica Lucas, Lou Taylor Pucci, Elizabeth BlackmoreEvil Dead
20%
Vin Diesel, Paul Walker, Dwayne Johnson, Gal Gadot, Michelle Rodriguez, Jordan Brewster, Tyrese GibsonFast & Furious 6
20%
Josh Brolin, Giovanni Ribisi, Robert Patrick, Mireille Enos, Josh Pence, Holt MCallanyGangster Squad
20%
Jeremy renner, Gemma Arterton, Famke Janssen, Peter Stormare, Pihla ViitalaHansel & Gretel: Witch Hunters
20%
Jim Carrey, Chloe Grace Moretz, aaron Taylor-Johnson, Lindsay BoothKick-Ass 2
20%
Billy Crystal, John Goodman, Steve Buscemi, Helen Mirren, Peter Sohn, Kelsey GrammerMonsters University
20%
Tom Cruise, Morgan Freeman, Andrea Riseborough, Olga Kurylenko, Melissa Leo, Zoe Bell, Nikolaj Coster-WalauOblivion
20%
James Franco, Mila Kunis, Rachel Weisz, Michelle Williams, Joey King, Zach BraffOz the Great and Powerful
20%
Charlie Hunnam, Idris Elba, Rinko Kikuchi, Charlie Day, Ron PerlmanPacific Rim
20%
Mark Wahlberg, Dwayne Johnson, Anthony Mackie, Ed Harris, Bar Paly,Tony ShalhoubPain & Gain
20%
Lindsay Lohan, Ashley Tisdale, Charlie Sheen, Snoop Dogg, Simon Rex, Molly ShannonScary Movie 5
20%
Matthew Goode, Mia Wasikowska, Jacki Weaver, Nicole Kidman, Lucas Till, Dermot Mulroney, Alden EhrenreichStoker
20%
Alexandra Daddario, Trey Songz, Tania Raymonde, Scott Eastwood, Gunnar HansenTexas Chainsaw 3D
20%
Patrick Wilson, Vera Farmiga, Joey King, Lili Taylor, Mackenzie FoyThe Conjuring
20%
sandra Bullock, Melissa McCarthy, Marlon Wayans, Katie DippoldThe Heat
20%
Ethan Hawke, Lena Headey, Edwin Hodge, Adelaide Kane, max Burkholder, Rhys WakefieldThe Purge
20%
Hugh Jackman, Patrick Stewart, Tao Okamoto, Rila Fukushima, Hiroyuki Sanada, famke JanssenThe Wolverine
20%
Seth Rogen, James Franco, Jonah Hill, Emma Watson, Jay Baruchel, Danny McBrideThis Is the End
20%
Kat Dennings, Natalie Portman, Chris Hemsworth, Tom HiddlestonThor: The Dark World
20%
Nicholas Hoult, Dave Franco, Teresa Palmer, analeigh Tipton, John MalkovichWarm Bodies
20%
Keri Russell, Dakota Goyo, Josh Hamilton, J.K Simmons, Annie ThurmanDark Skies
0%
Jessica Alba, Sarah Jessica Parker, brendan Fraser, Sofia Vergara, Rob Corddry, William ShatnerEscape From Planet Earth
0%
Dwayne Johnson, Channing Tatum, Adrianne Palicki, Ray Park, Lee Byung-hun, Bruce WillisG.I. Joe: Retalliation
0%
Mark Wahlberg, Taylor Kitsch, Emile Hirsch, Ben Foster Eric bana, dan BilzerianLone Survivor
0%
Hugh Jackman, Jake Gyllenhaal, paul Dano, Melissa Leo, Maria Bello, Viola Davis, Terrence HowardPrisoners
0%
Julianne Hough, Cobie Smulders, Josh Duhamel, David Lyons, Mimi Kirkland, Noah Lomax, Red WestSafe Haven
0%
Nicholas cage, emma Stone, Ryan Reynolds, Chris Sanders, Catherine Keener, Cloris Leachman, Clark Duke, Randy ThomThe Croods
0%
Ed Helms, Bradley Cooper, Zach Galifianakis, Ken Jeong, Heather Graham, John GoodmanThe Hangover III
0%
Channing Tatum, Jamie Foxx, Maggie Gyllenhaal, Jason Clarke, Joey King, James Woods, Richard JenkinsWhite House Down
0%

Score Distribution

Percentile by Number Answered

Percent of People with Each Score

Your Score History

You have not taken this quiz